000 00702nam a22001937a 4500
010 _a1718CH-EN
020 _a9781847495877
_c299.00
035 _aB-672466-491
037 _aDPL
_bBloomsbury
082 _aS
100 _aAlcott, Louisa May
245 _aLittle women /
_cby Louisa May Alcott; illustrated by Ella Bailey
260 _aLondon
_bAlma Books
_c2016
270 _a3 Castle Yard, Richmond, Surrey TW10 6TF
_bUnited Kingdom
300 _a343p.
_c19cm(pbk)
700 _aBailey, Ella
942 _2ddc
_cCH
_mALC
_hS
999 _c141507
_d141507